[Event "PER-ch U20"]
[Site "Lima"]
[Date "2016.04.21"]
[Round "3"]
[White "Mostacero Velarde, Isabella Maribel"]
[Black "Estrada Cantaro, Alexandra Fiore"]
[Result "0-1"]
[WhiteElo "1653"]
[BlackElo "1593"]
[PlyCount "48"]
[EventDate "2016.04.20"]
[EventType "swiss"]
[EventRounds "9"]
[EventCountry "PER"]
[SourceTitle "CBM 172 Extra"]
[Source "ChessBase"]
[SourceDate "2016.06.21"]
[SourceVersion "1"]
[SourceVersionDate "2016.06.21"]
[SourceQuality "1"]

1. e4 c5 2. Nf3 d6 3. d4 cxd4 4. Qxd4 Nc6 5. Bb5 Bd7 6. Bxc6 Bxc6 7. Nc3 Nf6 8. Bg5 e6 9. h3 Be7 10. Qe3 0-0 11. 0-0-0 Qa5 12. Nd4 Rac8 13. f4 b5 14. Nb3 Qc7 15. e5 dxe5 16. Qxe5 Qb6 17. Nd4 b4 18. Nce2 Rfd8 19. f5 h6 20. Bh4 Rd5 21. Qe3 e5 22. Bf2 Bc5 23. g4 exd4 24. Qf4 d3 0-1

[Event "PER-ch U20"]
[Site "Lima"]
[Date "2016.04.20"]
[Round "2"]
[White "Cosme Contreras, Trilce"]
[Black "Mostacero Velarde, Isabella Maribel"]
[Result "1/2-1/2"]
[WhiteElo "1771"]
[BlackElo "1653"]
[PlyCount "77"]
[EventDate "2016.04.20"]
[EventType "swiss"]
[EventRounds "9"]
[EventCountry "PER"]
[SourceTitle "CBM 172 Extra"]
[Source "ChessBase"]
[SourceDate "2016.06.21"]
[SourceVersion "1"]
[SourceVersionDate "2016.06.21"]
[SourceQuality "1"]

1. c4 Nf6 2. Nc3 g6 3. g3 Bg7 4. Bg2 d6 5. d3 e5 6. e4 c6 7. Nge2 Be6 8. 0-0 0-0 9. b3 d5 10. cxd5 cxd5 11. exd5 Nxd5 12. Bb2 Nc6 13. Qd2 f5 14. Nxd5 Bxd5 15. f3 Qb6+ 16. Kh1 Rad8 17. Rac1 Bf7 18. Ba3 Rfe8 19. Bc5 Qa6 20. Rcd1 Rd5 21. Bg1 Red8 22. d4 Nxd4 23. Bxd4 exd4 24. f4 R5d7 25. Rf3 Bd5 26. Rff1 Bxg2+ 27. Kxg2 Qc6+ 28. Rf3 d3 29. Nc1 Bc3 30. Qe3 d2 31. Qxc3 Qxc3 32. Rxc3 dxc1Q 33. Rdxc1 Rd2+ 34. Kg1 Rxa2 35. Rc8 Rxc8 36. Rxc8+ Kg7 37. Rc7+ Kh6 38. Rxb7 g5 39. h3 1/2-1/2

[Event "American Continental (Women) 09th"]
[Site "Lima"]
[Date "2016.02.28"]
[Round "9"]
[White "Garcia Contreras, Ana Claudia De"]
[Black "Mostacero Velarde, Isabella Maribel"]
[Result "1-0"]
[WhiteElo "1759"]
[BlackElo "1705"]
[PlyCount "41"]
[EventDate "2016.02.20"]
[EventType "swiss"]
[EventRounds "9"]
[EventCountry "PER"]
[SourceTitle "CBM 171 Extra"]
[Source "ChessBase"]
[SourceDate "2016.04.26"]
[SourceVersion "1"]
[SourceVersionDate "2016.04.26"]
[SourceQuality "1"]

1. e4 c5 2. Nf3 e6 3. d3 d5 4. Nbd2 Nc6 5. g3 Bd6 6. Bg2 Nf6 7. 0-0 0-0 8. Re1 Qc7 9. Qe2 dxe4 10. dxe4 e5 11. c3 h6 12. Nc4 Be7 13. Nh4 b5 14. Ne3 a6 15. Nd5 Qb7 16. Be3 Bg4 17. Nxf6+ Bxf6 18. Qxg4 Bxh4 19. gxh4 Qe7 20. Bxh6 f6 21. Bh3 1-0

[Event "American Continental (Women) 09th"]
[Site "Lima"]
[Date "2016.02.25"]
[Round "6"]
[White "Mostacero Velarde, Isabella Maribel"]
[Black "Cosme Contreras, Trilce"]
[Result "1/2-1/2"]
[WhiteElo "1705"]
[BlackElo "1757"]
[PlyCount "93"]
[EventDate "2016.02.20"]
[EventType "swiss"]
[EventRounds "9"]
[EventCountry "PER"]
[SourceTitle "CBM 171 Extra"]
[Source "ChessBase"]
[SourceDate "2016.04.26"]
[SourceVersion "1"]
[SourceVersionDate "2016.04.26"]
[SourceQuality "1"]

1. e4 c5 2. Nf3 d6 3. d4 cxd4 4. Qxd4 Nc6 5. Bb5 Bd7 6. Bxc6 Bxc6 7. Nc3 Nf6 8. Bg5 e6 9. 0-0-0 Be7 10. Rhe1 Qc7 11. Qd2 0-0-0 12. Nd4 a6 13. f3 h6 14. Bf4 e5 15. Nxc6 bxc6 16. Bg3 Nd7 17. Qe2 Kb7 18. Qc4 Nb6 19. Qb3 Rb8 20. Na4 Ka8 21. Nxb6+ Rxb6 22. Qc4 Qb7 23. b3 Rb4 24. Qd3 f6 25. c4 Rb6 26. Bf2 c5 27. Qd5 Qxd5 28. Rxd5 Kb8 29. Kc2 Kc7 30. Rb1 Rhb8 31. Be1 Kc6 32. Ba5 R6b7 33. Rbd1 h5 34. Kd3 Kd7 35. Kc2 Kc6 36. R1d3 g5 37. Kd1 Rd7 38. Ke2 Bd8 39. Bxd8 Rbxd8 40. Kf2 Rf8 41. g4 a5 42. a4 Rh8 43. Kg2 h4 44. Kf2 Rb8 45. Ke2 Rb6 46. Kd2 Kc7 47. Kc2 1/2-1/2

[Event "American Continental (Women) 09th"]
[Site "Lima"]
[Date "2016.02.21"]
[Round "2"]
[White "Mostacero Velarde, Isabella Maribel"]
[Black "Arias Cango, Nathaly del Cisne"]
[Result "1-0"]
[WhiteElo "1705"]
[BlackElo "1888"]
[PlyCount "79"]
[EventDate "2016.02.20"]
[EventType "swiss"]
[EventRounds "9"]
[EventCountry "PER"]
[SourceTitle "CBM 171 Extra"]
[Source "ChessBase"]
[SourceDate "2016.04.26"]
[SourceVersion "1"]
[SourceVersionDate "2016.04.26"]
[SourceQuality "1"]

1. e4 c5 2. Nf3 e6 3. g3 a6 4. Bg2 b5 5. 0-0 Bb7 6. d3 d6 7. Re1 Nf6 8. c3 Be7 9. Nbd2 0-0 10. d4 cxd4 11. Nxd4 Qc7 12. f4 Nbd7 13. g4 Nc5 14. g5 Nfd7 15. Nf1 Rfe8 16. Ng3 Nb6 17. h4 d5 18. e5 Nbd7 19. Qe2 Rad8 20. f5 Bf8 21. Bf4 exf5 22. Ndxf5 Ne6 23. Bd2 Bc5+ 24. Kh1 d4 25. Bxb7 Qxb7+ 26. Qe4 Qa7 27. b4 dxc3 28. Bxc3 Bf8 29. Rad1 Nb6 30. Nd6 Re7 31. Nh5 Red7 32. Rg1 Nc4 33. Nf6+ gxf6 34. gxf6+ Kh8 35. Nxf7+ Rxf7 36. Rxd8 Qc7 37. Qg4 Qc6+ 38. Kh2 Ng7 39. Rxf8+ Rxf8 40. Qxg7# 1-0

[Event "American Continental (Women) 09th"]
[Site "Lima"]
[Date "2016.02.20"]
[Round "1"]
[White "Franco Valencia, Beatriz Irene"]
[Black "Mostacero Velarde, Isabella Maribel"]
[Result "1/2-1/2"]
[WhiteElo "2153"]
[BlackElo "1705"]
[PlyCount "114"]
[EventDate "2016.02.20"]
[EventType "swiss"]
[EventRounds "9"]
[EventCountry "PER"]
[SourceTitle "CBM 171 Extra"]
[Source "ChessBase"]
[SourceDate "2016.04.26"]
[SourceVersion "1"]
[SourceVersionDate "2016.04.26"]
[SourceQuality "1"]

1. d4 d5 2. c4 c6 3. Nc3 Nf6 4. e3 a6 5. Qc2 b5 6. b3 Nbd7 7. Nf3 b4 8. Na4 Ne4 9. cxd5 cxd5 10. Qc6 Rb8 11. Bxa6 Bxa6 12. Qxa6 e6 13. Bb2 Be7 14. 0-0 0-0 15. Rfc1 Ra8 16. Qd3 Qa5 17. Rc6 Nd6 18. Rac1 Rfc8 19. Rxc8+ Rxc8 20. Rxc8+ Nxc8 21. Qc2 Na7 22. Ne5 Nb8 23. Bc1 Bd6 24. Nd3 Nd7 25. Bd2 Qb5 26. g3 Nc6 27. Kg2 f6 28. Nac5 Bxc5 29. Nxc5 Nxc5 30. Qxc5 Qxc5 31. dxc5 Kf7 32. Bc1 Na5 33. Kf3 Ke8 34. e4 Kd7 35. Bd2 Nc6 36. Ke3 Kc7 37. f4 f5 38. exd5 exd5 39. Bc1 Kb7 40. a3 bxa3 41. Bxa3 Ka6 42. Kd3 Kb5 43. Kc3 g6 44. Kd3 Ka5 45. Kc2 Nd4+ 46. Kc3 Nc6 47. Bc1 Kb5 48. Be3 Ka5 49. Bc1 Kb5 50. Ba3 Ka5 51. Bc1 Kb5 52. Be3 Ka5 53. b4+ Kb5 54. Bd2 Ka4 55. Be1 Kb5 56. Kd3 Ka4 57. Bc3 Kb5 1/2-1/2